Les film de la saga Harry Potter - Statistiques

Statistiques générales
  • Ce quiz a été pris 95 fois
  • Le résultat moyen est 7 sur 8
Statistiques - réponses
Année de sortie Titre % Correct
2001 Harry Potter à l'école des sorciers
97%
2005 Harry Potter et la Coupe de feu
97%
2002 Harry Potter et la Chambre des secrets
95%
2003 Harry Potter et le Prisonnier d'Azkaban
90%
2008 Harry Potter et le Prince de sang-mêlé
87%
2006 Harry Potter et l'Ordre du Phénix
82%
2010 Harry Potter et les Reliques de la Mort, partie 1
73%
2011 Harry Potter et les Reliques de la Mort, partie 2
72%
Aucun quiz correspondant
Distribution des résultats
% des personnes avec chaque résultat
Percentile par nombre de réponses
Votre historique - résultats
Vous n’avez pas pris ce quiz